Aspectos prácticos de la prueba en el proceso laboral / (Record no. 172444)

MARC details
000 -LEADER
campo de control de longitud fija 00620nam a2200193 i 4500
001 - NÚMERO DE CONTROL
campo de control 172444
003 - IDENTIFICADOR DE NÚMERO DE CONTROL
campo de control ES-MaACL
005 - FECHA Y HORA DE LA ÚLTIMA TRANSACCIÓN
campo de control 20230906214921.0
008 - DATOS DE LONGITUD FIJA--INFORMACIÓN GENERAL
campo de control de longitud fija 090707s1982 sp |||| | spa d
017 ## - NÚMERO DE COPYRIGHT O DE DEPÓSITO LEGAL
Número de copyright o de depósito legal M 6375-1982
020 ## - NÚMERO INTERNACIONAL ESTÁNDAR DEL LIBRO
Número Internacional Estándar del Libro 84-500-5264-5
080 ## - NÚMERO DE LA CLASIFICACIÓN DECIMAL UNIVERSAL
Número de la Clasificación Decimal Universal 347.9(460):331
100 1# - ENTRADA PRINCIPAL--NOMBRE DE PERSONA
Nombre de persona Sanz Tomé, Federico.
9 (RLIN) 140978
245 10 - MENCIÓN DEL TÍTULO
Título Aspectos prácticos de la prueba en el proceso laboral /
Mención de responsabilidad, etc. Federico Sanz Tomé.
260 ## - PUBLICACIÓN, DISTRIBUCIÓN, ETC.
Lugar de publicación, distribución, etc. Madrid :
Nombre del editor, distribuidor, etc. Colegio Oficial de Graduados Sociales,
Fecha de publicación, distribución, etc. 1982.
300 ## - DESCRIPCIÓN FÍSICA
Extensión 298 p. ;
Dimensiones 25 cm.
650 #4 - PUNTO DE ACCESO ADICIONAL DE MATERIA--TÉRMINO DE MATERIA
Término de materia o nombre geográfico como elemento de entrada Procedimiento laboral-
Subdivisión geográfica España.
9 (RLIN) 140979
852 ## - LOCALIZACIÓN
Ubicación ES-MaACL
Número de control de estantería E-12759
itemnumber R.143570
Holdings
Estatus retirado Estado de pérdida Estado de daño No para préstamo Biblioteca de origen Biblioteca actual Ubicación en estantería Fecha de adquisición Fuente de adquisición Total de préstamos Signatura topográfica completa Código de barras Visto por última vez Precio de reemplazo Tipo de ítem Koha
        Biblioteca del Ateneo de Madrid Biblioteca del Ateneo de Madrid Depósito 2 07/07/2009     E-12759 1180967 23/02/2023 23/02/2023 Libro impreso